000 00556nam a22002297a 4500
003 UA-OsUOA
001 63149
007 ta
008 20090918b un ||||| |||| 00| 0 ukr d
100 _aШвейнин Л.
090 _a821.161.1
_bШ34
942 _cBK
040 _aUA-OsUOA
_brus
_cUA-OsUOA
_dUA-OsUOA
245 _aВоенная тайна
300 _a308 с.
955 _a2
041 _arus
080 _a821.161.1
260 _aМ.
650 7 _a82 Література. Літературознавство
_2UDC
999 _c349232
_d349232